000 00691nam a2200205 4500
001 111983
003 ES-MaACL
005 20230906185409.0
007 t|
008 061121s1981 sp r ||||1| spa d
100 1 _aOrozco, Ricardo.
_987337
245 1 0 _aTeatro rescatado
_b: ( para leer y / o representar) /
_cRicardo Orozco.
260 _aValencia :
_bFernando Torres,
_c1981.
300 _a129 p. ;
_c19 cm.
505 8 _aContiene: Can. El cuarto oscuro de la vida (o La cuarta pared). Sinfonía raspante (Adagio)
740 0 _aCan.
740 0 _aEl cuarto oscuro de la vida (o La cuarta pared)
740 0 _aSinfonía raspante (Adagio)
852 _aES-MaACL
_jL-2160
_bR.102559
999 _c111983
_d111983